Corpus of Joe Bailey : a novel /

This story covers twenty years in the lives of Joe Bailey and his family and friends. It begins in 1928 in the Mission Hills neighborhood of San Diego, when Joe is eleven and learns of the death of his mother. It continues with teen-age experiences during the Depression, goes on to fraternity life a...

Full description

Bibliographic Details
Main Author: Hall, Oakley M. (Author)
Format: Book
Language:English
Published: New York, Viking Press, 1953.
Subjects:

MARC

Tag First Indicator Second Indicator Subfields
LEADER 00000cam a2200000 4500
001 in00000022293
005 20240723204215.2
008 770210s1953 nyu 000 f eng
010 |a  52014032  
029 1 |a AU@  |b 000026912638 
035 |a (OCoLC)ocm02731759 
035 |a (OCoLC)2731759 
035 |a (OCoLC)ocm02731759 
040 |a DLC  |b eng  |c AZU  |d STF  |d OCLCQ  |d VVC  |d YBM  |d OCLCF  |d OCLCO  |d JQF  |d OCLCQ  |d OCLCO  |d OCLCL  |d TXA 
043 |a n-us-ca 
050 4 |a PS3558.A373  |b C67 1953 
082 1 4 |a 813.5  |b H146c 
100 1 |a Hall, Oakley M.,  |e author. 
245 1 0 |a Corpus of Joe Bailey :  |b a novel /  |c Oakley M. Hall. 
260 |a New York,  |b Viking Press,  |c 1953. 
300 |a 479 pages  |c 22 cm 
336 |a text  |b txt  |2 rdacontent 
337 |a unmediated  |b n  |2 rdamedia 
338 |a volume  |b nc  |2 rdacarrier 
520 |a This story covers twenty years in the lives of Joe Bailey and his family and friends. It begins in 1928 in the Mission Hills neighborhood of San Diego, when Joe is eleven and learns of the death of his mother. It continues with teen-age experiences during the Depression, goes on to fraternity life at Berkeley, pretty much skips Joe's experiences in World War II, and ends with his efforts to settle in to postwar America. Many other characters enter into the story, particularly Con, a childhood friend who later becomes his lover. Through it all Joe copes with his insecurities, which manifest themselves in different ways during different episodes and stifle his attempts to find direction to his life. 
500 |a The Cushing Library/Women & Gender Studies copy was acquired as part of The Don Kelly Research Collection of Gay Literature and Culture.  |5 TXA 
650 0 |a Young men  |z California  |v Fiction. 
650 0 |a Man-woman relationships  |z California  |v Fiction. 
650 6 |a Jeunes hommes  |z Californie  |v Romans, nouvelles, etc. 
650 6 |a Relations entre hommes et femmes  |z Californie  |v Romans, nouvelles, etc. 
650 7 |a Man-woman relationships  |2 fast 
650 7 |a Young men  |2 fast 
651 7 |a California  |2 fast  |1 https://id.oclc.org/worldcat/entity/E39PBJt8p3GDkhpJkC9y6FY3wC 
655 7 |a Novels.  |2 lcgft 
655 7 |a Romans.  |2 rvmgf 
758 |i has work:  |a Corpus of Joe Bailey (Text)  |1 https://id.oclc.org/worldcat/entity/E39PCFVDXqMJ3q8Dwm63FbTXgq  |4 https://id.oclc.org/worldcat/ontology/hasWork 
776 0 8 |i Online version:  |a Hall, Oakley M.  |t Corpus of Joe Bailey.  |d New York, Viking Press, 1953  |w (OCoLC)564339317 
948 |h HELD BY TXA - 131 OTHER HOLDINGS 
994 |a Z0  |b TXA 
999 f f |s d3e11ea9-afd5-34f1-b8b8-5b59c4a40291  |i 590c2152-636d-3c39-a1fc-26faa59b7514  |t 0 
952 f f |p ric  |a Texas A&M University  |b Rellis Campus  |c Joint Library Facility  |s JLF  |d Remote Storage  |t 0  |e PS3558.A373 C67 1953  |h Library of Congress classification  |i unmediated -- volume  |m A14801239293 
998 f f |a PS3558.A373 C67 1953  |t 0  |l Remote Storage